000 00598nam a22001937a 4500
005 20160407152524.0
010 _aENG-115022
020 _a9788120352100
_c450.00
035 _aEN-98554
037 _bDBAD/PUB
082 _a005.7565
100 _aCouch, Andrew
245 _aExtend Microsoft Access applications to the cloud /
_cby Andrew Couch
260 _aDelhi
_bPHI Learning
_c2016
270 _aRimjhim House, 111, Patparganj Industrial Estate,
_bDelhi
_e110092
300 _axxv,403p. :
_c24cm(pbk)
_bill.
500 _aIncludes index
942 _2ddc
_cEN
_mCOU
_h005.7565
999 _c99347
_d99347